Liability of the negligent surveyor (Record no. 101605)

MARC details
000 -LEADER
fixed length control field 01037cam a2200253 4500
008 - FIXED-LENGTH DATA ELEMENTS--GENERAL INFORMATION
fixed length control field 010823n2001 000 0 eng u
020 ## - INTERNATIONAL STANDARD BOOK NUMBER
International Standard Book Number 1898383650
035 ## - SYSTEM CONTROL NUMBER
System control number (Sirsi) u114299
050 ## - LIBRARY OF CONGRESS CALL NUMBER
Classification number 346.41032
100 ## - MAIN ENTRY--PERSONAL NAME
Personal name Malz, B.
245 ## - TITLE STATEMENT
Title Liability of the negligent surveyor
260 ## - PUBLICATION, DISTRIBUTION, ETC.
Place of publication, distribution, etc. London
Name of publisher, distributor, etc. Estates Gazette ; Lark Productions
Date of publication, distribution, etc. 2001
300 ## - PHYSICAL DESCRIPTION
Extent 173p.
Dimensions 21cm.
350 ## - PRICE (NR) (BK AM CF MU VM SE) [OBSOLETE]
Price 25.00
490 ## - SERIES STATEMENT
Series statement Estates Gazette Need to Know Series
Volume/sequential designation 10
520 ## - SUMMARY, ETC.
Summary, etc. The latest title in the Estates Gazette "Need to know" series, on how the tort of negligence can affect surveyors in professional practice. Considers the duty of care owed by, and the standard of care required of, surveyors as well as possible defences against claims of surveyors' negligence. Includes case summaries and typical terms of engagement.
650 ## - SUBJECT ADDED ENTRY--TOPICAL TERM
Topical term or geographic name entry element LIABILITY
650 ## - SUBJECT ADDED ENTRY--TOPICAL TERM
Topical term or geographic name entry element NEGLIGENCE
650 ## - SUBJECT ADDED ENTRY--TOPICAL TERM
Topical term or geographic name entry element SURVEYORS' LIABILITIES
650 ## - SUBJECT ADDED ENTRY--TOPICAL TERM
Topical term or geographic name entry element SURVEYORS' NEGLIGENCE
690 ## - LOCAL SUBJECT ADDED ENTRY--TOPICAL TERM (OCLC, RLIN)
Topical term or geographic name as entry element PROFESSIONAL PRACTICE-NEGLIGENCE
700 ## - ADDED ENTRY--PERSONAL NAME
Personal name Vegoda, V.
942 ## - ADDED ENTRY ELEMENTS (KOHA)
Suppress in OPAC 0
Holdings
Withdrawn status Lost status Source of classification or shelving scheme Damaged status Not for loan Home library Current library Shelving location Date acquired Total Checkouts Full call number Barcode Date last seen Date last checked out Copy number Price effective from Koha item type
    Dewey Decimal Classification     London London Books 26/04/2004 13 346.41032 MAL 30069150 06/08/2019 31/07/2009 3 06/08/2019 Book